000 00550nam a2200181Ia 4500
999 _c138
_d138
008 190805s9999||||xx |||||||||||||| ||und||
020 _a9781906915100
_c£ 165.00
040 _aKO
082 0 4 _a623.88245
_bIs19
_223
100 1 _aIsbester, Jack
245 1 0 _aBulk Carrier Practice /
_cJack Isbester ; foreword by Frank Chao.
250 _a2nd ed.
260 _aLondon :
_bThe Nautical Institute,
_c2013
300 _axxvi, 512 p. :
_b col. Ill. ;
_c 30 cm +
_e1 CD-ROM
650 0 _aBulk carrier cargo ships
_xStandards
942 _cRT